| 000 | 00534nam a2200217Ia 4500 | ||
|---|---|---|---|
| 003 | OSt | ||
| 005 | 20140313100457.0 | ||
| 008 | 140130s9999 xx 000 0 und d | ||
| 020 | _a0590047922 | ||
| 050 |
_aPZ 7 _b.B954Kat 1971 |
||
| 100 | _aVirginia Lee Burton. | ||
| 245 |
_cVirginia Lee Burton. _aKaty and the big snow / |
||
| 260 |
_bScholastic, _c1971. _aNew York : |
||
| 300 |
_a36 p. : _bcol. ill. ; _c19 cm. |
||
| 440 | _v1 | ||
| 521 | _aG2 | ||
| 526 | _c420 | ||
| 942 |
_cBK _2lcc |
||
| 999 |
_c40304 _d40304 |
||